| 000 | 00871nam a2200289 a 4500 | ||
|---|---|---|---|
| 003 | AR-BaBNM | ||
| 005 | 20251128202827.0 | ||
| 008 | 082120s2002 ||||||||||||||000 | spa|| | ||
| 040 | _cAR-BaBNM | ||
| 100 | 1 | _aMaglie, Graciela | |
| 245 | 0 | 0 | _aSituación educativa de las mujeres en Argentina |
| 260 |
_aBuenos Aires _bSubsecretaría de la Mujer de la Nación _bUnicef _c1988 |
||
| 300 |
_a54 p. _btablas |
||
| 500 | _aContiene referencias bibliográficas al final de la obra | ||
| 650 | 4 | _aMUJERES | |
| 650 | 4 | _aFEMINISMO | |
| 650 | 4 | _aORGANIZACIONES FEMENINAS | |
| 650 | 4 | _aEDUCACION DE LA MUJER | |
| 650 | 4 | _aDERECHOS DE LA MUJER | |
| 650 | 4 | _aANALFABETISMO | |
| 650 | 4 | _aPLANES EDUCACIONALES | |
| 651 | 4 | _aAmérica Latina | |
| 700 | 1 | _aGarcía Frinchaboy, Mónica | |
| 700 | 1 |
_aMontes de Oca, Zita C. de _eprologuista |
|
| 942 | _cBK | ||
| 998 | _cMARTIN | ||
| 999 |
_c765 _d765 |
||